000
00339nam a2200145Ia 4500
100
_a
Irwin /David J
650
_a
Electrical
942
_c
BK
654
_a
electrical engineering
245
_a
Introduction to electrical engineering
260
_b
Prentice Hall
_a
New Delhi
_c
1995
300
_a
780
546
_a
ENGLISH
999
_c
17840
_d
17840